| 000 | 00716nam a22002297a 4500 | ||
|---|---|---|---|
| 999 |
_c14552 _d14552 |
||
| 003 | AR-CdUCM | ||
| 008 | 190423b ||||| |||| 00| 0 spa d | ||
| 020 | _a84-7864-249-8 | ||
| 040 |
_aMUNICIPALIDAD PROVINCIAL DEL CUSCO _cBIBLIOTECA MUNICIPAL DEL CUSCO |
||
| 041 | _hit | ||
| 082 |
_aPI / 376.1 / _bC73 |
||
| 110 |
_aCombel _932671 |
||
| 245 |
_a¿Quién eres? : _bLa pequeña jirafa / |
||
| 260 |
_aBarcelona : _bCombel, _c2005. |
||
| 300 |
_bIlustraciones, graficos, dibujos, _c24 cm. |
||
| 500 | _aCuentos para niños la petite girafe titulo original | ||
| 650 |
_aCuentos _9312 |
||
| 650 |
_aHistorias _92725 |
||
| 700 |
_aMarie, Christian _933362 |
||
| 942 |
_2ddc _cLIBROS |
||
| 945 |
_apjha _d2019-04-23 |
||